000 00688nam a2200217 a 4500
001 000010683
005 20240412074220.0
008 091009s1996 dr r 001 p spa d
040 _aDO-SdBNP
_bspa
_cBNPHU
082 _aRD861.44
_bJ58h
100 1 _aJesús, Dionisio de,
_d1959-
_925423
245 1 0 _aHomus advertiser /
_cDionisio de Jesús.
260 _aSanto Domingo :
_bEdiciones C. Crea,
_c1996.
300 _a67 p. ;
_c21 cm.
490 1 _aPegasus de literatura
_v2
590 _aInventariado, 2018/BT
650 0 _aPoesía dominicana
_966
650 0 _aLiteratura dominicana.
_967
830 0 _aPegasus de literatura
_n2
_925869
910 _aValidado. Control de calidad. MMOLINA
999 _c10438
_d10438